MARC

LEADER 00000nam0a2200000 4500
001 295599
005 20231102000827.0
020 |a RU  |b 84-26695 
035 |a (RuTPU)RU\TPU\book\320687 
090 |a 295599 
100 |a 20150525d1984 k y0rusy5003 ca 
101 0 |a rus 
102 |a RU 
105 |a ab z 001zy 
200 1 |a Вопросы минерало-, петро- и рудогенезиса районов Сибири  |e [сборник статей]  |f Академия наук СССР (АН СССР), Сибирское отделение (СО) 
210 |a Новосибирск  |c Наука  |d 1984 
215 |a 128 с.  |c ил., карт.  |d 24 см 
320 |a Библиография в конце статей 
606 1 |a Горные породы  |2 stltpush  |3 (RuTPU)RU\TPU\subj\7929  |9 35440 
606 1 |a Рудообразование  |2 stltpush  |3 (RuTPU)RU\TPU\subj\26038  |9 50054 
610 1 |a Сибирь 
610 1 |a происхождение 
610 1 |a рудогенезис 
610 1 |a алданский щит 
610 1 |a турмалин 
610 1 |a плагиоклазы 
610 1 |a метасоматиты 
610 1 |a древние фосфориты 
610 1 |a апатиты 
610 1 |a Горный Алтай 
610 1 |a гранитные массивы 
610 1 |a железистые кварциты 
610 1 |a вулканогенно-осадочные формации 
610 1 |a титан 
610 1 |a рудопроявления 
675 |a 549.01  |z rus  |v 4 
675 |a 552  |z rus  |v 4 
675 |a 553.2  |z rus  |v 4 
712 0 2 |a Академия наук СССР (АН СССР)  |b Сибирское отделение (СО)  |c (Новосибирск)  |2 stltpush  |3 (RuTPU)RU\TPU\col\11215 
801 0 |a RU  |b RuMRKP  |c 19950704  |g psbo 
801 1 |a RU  |b 63413507  |c 20150525 
801 2 |a RU  |b 63413507  |c 20220726  |g RCR 
942 |c BK